| 000 | 01004cam a22003011 4500 | ||
|---|---|---|---|
| 001 | 4065261 | ||
| 003 | 0 | ||
| 005 | 20180717115824.0 | ||
| 008 | 700729s1968 nyua b 000 0 eng | ||
| 010 | _aB-192547 | ||
| 020 |
_a0070604932 _c0.00 |
||
| 040 |
_adpl _c0 _d0 _bEN |
||
| 050 | 0 | 0 |
_aQA171 _b.B36 |
| 082 | 0 | 0 |
_a510 _bBAU |
| 100 | 1 | _aBaumslag, Benjamin. | |
| 245 | 1 | 0 |
_aSchaum's outline of theory and problems of group theory, _cby Benjamin Baumslag [and] Bruce Chandler. |
| 260 |
_aNew York, _bMcGraw-Hill _c[1968] |
||
| 300 |
_a279 p. _billus. _c28 cm. |
||
| 490 | 0 | _aSchaum's outline series | |
| 500 | _aCover title: Theory and problems of group theory. | ||
| 500 | _aTitle on spine: Group theory. | ||
| 504 | _aBibliography: p. 272-273. | ||
| 650 | 0 | _aGroup theory. | |
| 700 | 1 |
_aChandler, Bruce, _d1931- _ejoint author. |
|
| 740 | _aOutline of theory and problems of group theory. | ||
| 740 | _aTheory and problems of group theory. | ||
| 942 |
_2ddc _cEN _h510 _mBAU |
||
| 999 |
_c154143 _d154143 |
||